Southville International School and Colleges
Your cart is empty.
  • Cart
  • Lists
    Public lists Eva Luna New books Lux_list list_1
    Your lists Log in to create your own lists
  • Log in to your account
  • Your cookies
  • Search history
Southville International School and Colleges
  • Advanced search
  • Recent comments
  • Most popular
  • Libraries

Log in to your account

Log in with GOOGLE


If you do not have an external account, but do have a local account, you can still log in:

  1. Home
  2. MARC view: Timmy tiptoes :
Normal view MARC view ISBD view

Timmy tiptoes : (Record no. 112503)

[ view plain ]
MARC details
000 -LEADER
fixed length control field 00497nam a2200181 a 4500
001 - CONTROL NUMBER
control field 3803
005 - DATE AND TIME OF LATEST TRANSACTION
control field 20140414131938.0
008 - FIXED-LENGTH DATA ELEMENTS--GENERAL INFORMATION
fixed length control field 061013s19uu xx 00 eng d
020 ## - INTERNATIONAL STANDARD BOOK NUMBER
International Standard Book Number 0-7232-3776-X
050 ## - LIBRARY OF CONGRESS CALL NUMBER
Classification number ER
Item number T14 1991
100 ## - MAIN ENTRY--PERSONAL NAME
Personal name Potter, Beatrix
245 ## - TITLE STATEMENT
Title Timmy tiptoes :
Remainder of title the tale of . . /
Statement of responsibility, etc Beatrix Potter.
260 ## - PUBLICATION, DISTRIBUTION, ETC. (IMPRINT)
Place of publication, distribution, etc New Zealand :
Name of publisher, distributor, etc Frederick Warne,
Date of publication, distribution, etc 1991.
300 ## - PHYSICAL DESCRIPTION
Extent 57 p. : ill. ; cm.
650 ## - SUBJECT ADDED ENTRY--TOPICAL TERM
Topical term or geographic name as entry element Squirel
General subdivision fiction.
650 ## - SUBJECT ADDED ENTRY--TOPICAL TERM
Topical term or geographic name as entry element Children stories.
Holdings
Withdrawn status Lost status Damaged status Use restrictions Home library Current library Shelving location Date acquired Source of acquisition Total Checkouts Full call number Barcode Date last seen Price effective from Koha item type
        Munich Library Munich Library Easy Reading Section 10/13/2006     ER T14 1991 M3821 04/14/2014 04/14/2014 Books

Timmy tiptoes :

APA

Potter B., . (1991). Timmy tiptoes. New Zealand: Frederick Warne.

Chicago

Potter Beatrix, . 1991. Timmy tiptoes. New Zealand: Frederick Warne.

Harvard

Potter B., . (1991). Timmy tiptoes. New Zealand: Frederick Warne.

MLA

Potter Beatrix, . Timmy tiptoes. New Zealand: Frederick Warne. 1991.

  • Place hold
  • Print
  • Cite
  • Add to your cart (remove)
  • Save record
    BIBTEX Dublin Core MARCXML MARC (non-Unicode/MARC-8) MARC (Unicode/UTF-8) MARC (Unicode/UTF-8, Standard) MODS (XML) RIS
  • More searches
    Search for this title in:
    Other Libraries (WorldCat) Other Databases (Google Scholar) Online Stores (Bookfinder.com) Open Library (openlibrary.org)

Exporting to Dublin Core...

SOUTHVILLE LIBRARY

Southville International School and Colleges Library

1281 Tropical Ave. Cor. Luxembourg St., BF Homes International, Las Pinas City

Tel. No. 8256374 / 252358 Loc. 117/146

Powered by Koha